000 00588nam a2200181Ia 4500
008 090124s9999 xx 000 0 und d
082 _b107998
100 _aदांडेकर गो. नी.
245 _a मराठी साहित्य दर्शन
250 _a1
260 _c1990
300 _a120
600 _aदांडेकर गो. नी.
630 _a मराठी साहित्य दर्शन
700 _aदांडेकर गो. नी.
730 _a मराठी साहित्य दर्शन
942 _cBOOK
999 _c154089
_d154089